<?xml version="1.0" encoding="UTF-8"?>
<marc:record xmlns:marc="http://www.loc.gov/MARC21/slim">
   <marc:leader>00000nam a2200000 a 4500</marc:leader>
   <marc:datafield ind1="1" ind2=" " tag="100">
      <marc:subfield code="a">Kiel, Anja</marc:subfield>
      <marc:subfield code="4">aut</marc:subfield>
      <marc:subfield code="e">Verfasser/-in</marc:subfield>
   </marc:datafield>
   <marc:datafield ind1="1" ind2=" " tag="100">
      <marc:subfield code="a">Rachner, Marina</marc:subfield>
   </marc:datafield>
   <marc:datafield ind1="0" ind2="0" tag="245">
      <marc:subfield code="a">Wo brennt Licht, wer schläft noch nicht?</marc:subfield>
   </marc:datafield>
   <marc:datafield ind1="0" ind2="0" tag="245">
      <marc:subfield code="b">Schiebebuch mit Hell-Dunkel-Effekt</marc:subfield>
   </marc:datafield>
   <marc:datafield ind1="0" ind2="0" tag="245">
      <marc:subfield code="c">Text: Anja Kiel ; Illustrationen: Marina Rachner</marc:subfield>
   </marc:datafield>
   <marc:datafield ind1=" " ind2="1" tag="264">
      <marc:subfield code="a">Stuttgart</marc:subfield>
      <marc:subfield code="b">Esslinger</marc:subfield>
      <marc:subfield code="c">2023</marc:subfield>
   </marc:datafield>
   <marc:datafield ind1="1" ind2=" " tag="520">
      <marc:subfield code="a">Ein zauberhaftes Schiebebuch zur Guten Nacht mit Hell-Dunkel-Effekt. Hilft den Kindern dabei, abends zur Ruhe zu kommen. Eine warmherzige kurze Geschichte stimmt kleine Nachteulen auf die Schlafenszeit ein: Es wird Abend im Wald und alle Tiere kommen nach Hause. Auf jeder Seite können Kinder einen Blick in deren noch erleuchtete Baumhöhlenwerfen und dabei zusehen, wie sie nach und nach ins Bett gehen. Selbst für kleine Kinderhände lässt sich der Hell-Dunkel-Effekt ganz einfach erzeugen: Einmal schieben, die Tür öffnet sich und es wird hell in den Tierwohnungen. Beim Zurückschieben schließt sich die Türe wieder und es wird dunkel.</marc:subfield>
   </marc:datafield>
   <marc:datafield ind1=" " ind2=" " tag="020">
      <marc:subfield code="a">9783480238538</marc:subfield>
      <marc:subfield code="9">9783480238538</marc:subfield>
   </marc:datafield>
   <marc:datafield ind1=" " ind2=" " tag="020">
      <marc:subfield code="a">348023853X</marc:subfield>
      <marc:subfield code="9">348023853X</marc:subfield>
   </marc:datafield>
   <marc:datafield ind1=" " ind2=" " tag="500">
      <marc:subfield code="a">Ab 18+ Monaten</marc:subfield>
   </marc:datafield>
   <marc:datafield ind1=" " ind2=" " tag="300">
      <marc:subfield code="a">10 ungezählte Seiten : Illustrationen</marc:subfield>
   </marc:datafield>
</marc:record>
